<?xml version="1.0" encoding="UTF-8"?><?xml-stylesheet type="text/xsl" href="static/style.xsl"?><OAI-PMH xmlns="http://www.openarchives.org/OAI/2.0/" xmlns:xsi="http://www.w3.org/2001/XMLSchema-instance" xsi:schemaLocation="http://www.openarchives.org/OAI/2.0/ http://www.openarchives.org/OAI/2.0/OAI-PMH.xsd"><responseDate>2026-04-13T18:20:55Z</responseDate><request verb="GetRecord" identifier="oai:www.recercat.cat:11351/10348" metadataPrefix="marc">https://recercat.cat/oai/request</request><GetRecord><record><header><identifier>oai:recercat.cat:11351/10348</identifier><datestamp>2025-10-24T10:28:02Z</datestamp><setSpec>com_2072_378070</setSpec><setSpec>com_2072_378040</setSpec><setSpec>col_2072_378092</setSpec></header><metadata><record xmlns="http://www.loc.gov/MARC21/slim" xmlns:dcterms="http://purl.org/dc/terms/" xmlns:xsi="http://www.w3.org/2001/XMLSchema-instance" xmlns:doc="http://www.lyncode.com/xoai" xsi:schemaLocation="http://www.loc.gov/MARC21/slim http://www.loc.gov/standards/marcxml/schema/MARC21slim.xsd">
   <leader>00925njm 22002777a 4500</leader>
   <datafield ind2=" " ind1=" " tag="042">
      <subfield code="a">dc</subfield>
   </datafield>
   <datafield ind2=" " ind1=" " tag="720">
      <subfield code="a">Lamas Oliveira, Cristina</subfield>
      <subfield code="e">author</subfield>
   </datafield>
   <datafield ind2=" " ind1=" " tag="720">
      <subfield code="a">Fajardo, Carmen</subfield>
      <subfield code="e">author</subfield>
   </datafield>
   <datafield ind2=" " ind1=" " tag="720">
      <subfield code="a">Remón-Ruiz, Pablo</subfield>
      <subfield code="e">author</subfield>
   </datafield>
   <datafield ind2=" " ind1=" " tag="720">
      <subfield code="a">Guerrero-Pérez, Fernando</subfield>
      <subfield code="e">author</subfield>
   </datafield>
   <datafield ind2=" " ind1=" " tag="720">
      <subfield code="a">Cámara, Rosa</subfield>
      <subfield code="e">author</subfield>
   </datafield>
   <datafield ind2=" " ind1=" " tag="720">
      <subfield code="a">Biagetti, Betina</subfield>
      <subfield code="e">author</subfield>
   </datafield>
   <datafield ind2=" " ind1=" " tag="260">
      <subfield code="c">2023-09-26T09:58:11Z</subfield>
   </datafield>
   <datafield ind2=" " ind1=" " tag="260">
      <subfield code="c">2023-09-26T09:58:11Z</subfield>
   </datafield>
   <datafield ind2=" " ind1=" " tag="260">
      <subfield code="c">2023-08-31</subfield>
   </datafield>
   <datafield ind2=" " ind1=" " tag="520">
      <subfield code="a">Carcinoma pituitario; Radioterapia</subfield>
   </datafield>
   <datafield ind2=" " ind1=" " tag="520">
      <subfield code="a">Carcinoma pituïtari; Radioteràpia</subfield>
   </datafield>
   <datafield ind2=" " ind1=" " tag="520">
      <subfield code="a">Pituitary carcinoma; Radiotherapy</subfield>
   </datafield>
   <datafield ind2=" " ind1=" " tag="520">
      <subfield code="a">Current guidelines recommend temozolomide as the first-line chemotherapy for aggressive pituitary neuroendocrine tumours. However, no clinical trials have been conducted to date and clinical experience is quite limited. We retrospectively analyzed 28 patients (9 women and 19 men), aged 46.6 + 16.9, with aggressive pituitary tumours (4 pituitary carcinomas and 24 aggressive adenomas) treated with temozolomide in 10 Spanish pituitary reference centres. Four patients had Cushing’s disease, 9 prolactinomas and 15 clinically non-functioning pituitary tumours (seven silent corticotroph, three silent somatotroph, one silent lactotroph, one silent gondotroph and three null-cell tumours). Median size at diagnosis was 10.5 cm3 (IQR 4.7-22.5), with cavernous sinus invasion in 88% and no metastases. Pre-temozolomide treatment, these data were 5.2 cm3 (IQR 1.9-12.3), 89.3% and 14.3% (2 intracranial and 2 spinal metastases). All patients had undergone surgery (1-5 surgeries), 25 (89.3%) had received radiotherapy (7 of them reirradiated) and 13(46.4%) had received cabergoline. One patient interrupted temozolomide prematurely. The remaining 27 patients received a median of 13 cycles (range 3-66) of 5 days every 28 days, with a mean initial dose of 265 ± 73 mg when administered alone and of 133 ± 15 mg when co-administered with radiotherapy. Eight patients (29.6%) had a significant reduction (>30%) in tumour volume and 14 (51.9%) attained tumour stabilization. After a median follow-up of 29 months (IQR 10-55), 8 out of these 22 showed disease progression. A longer progression-free survival was found in the five patients who received concomitant radiotherapy. Seven patients (25%) died (all of them because of tumour progression or complications of treatments) at 77 months (IQR 42-136) after diagnosis and 29 months (IQR 16-55) after the first dose of temozolomide. Adverse effects occurred in 18 patients (14 mild and 4 moderate or severe). In conclusion, temozolomide is an effective medical treatment for aggressive pitNET and pituitary carcinomas but is sometimes followed by tumour progression. Co-administration with radiotherapy may increase progression-free survival.</subfield>
   </datafield>
   <datafield ind1="8" ind2=" " tag="024">
      <subfield code="a">http://hdl.handle.net/11351/10348</subfield>
   </datafield>
   <datafield tag="653" ind2=" " ind1=" ">
      <subfield code="a">Tumors neuroendocrins - Tractament</subfield>
   </datafield>
   <datafield tag="653" ind2=" " ind1=" ">
      <subfield code="a">Hipòfisi - Tumors - Tractament</subfield>
   </datafield>
   <datafield tag="653" ind2=" " ind1=" ">
      <subfield code="a">Avaluació de resultats (Assistència sanitària)</subfield>
   </datafield>
   <datafield tag="653" ind2=" " ind1=" ">
      <subfield code="a">DISEASES::Neoplasms::Neoplasms by Histologic Type::Neoplasms, Germ Cell and Embryonal::Neuroectodermal Tumors::Neuroendocrine Tumors</subfield>
   </datafield>
   <datafield tag="653" ind2=" " ind1=" ">
      <subfield code="a">DISEASES::Neoplasms::Neoplasms by Site::Endocrine Gland Neoplasms::Pituitary Neoplasms</subfield>
   </datafield>
   <datafield tag="653" ind2=" " ind1=" ">
      <subfield code="a">Other subheadings::Other subheadings::Other subheadings::/drug therapy</subfield>
   </datafield>
   <datafield tag="653" ind2=" " ind1=" ">
      <subfield code="a">ANALYTICAL, DIAGNOSTIC AND THERAPEUTIC TECHNIQUES, AND EQUIPMENT::Diagnosis::Prognosis::Treatment Outcome</subfield>
   </datafield>
   <datafield tag="653" ind2=" " ind1=" ">
      <subfield code="a">ENFERMEDADES::neoplasias::neoplasias por tipo histológico::neoplasias de células germinales y embrionarias::tumores neuroectodérmicos::tumores neuroendocrinos</subfield>
   </datafield>
   <datafield tag="653" ind2=" " ind1=" ">
      <subfield code="a">ENFERMEDADES::neoplasias::neoplasias por localización::neoplasias de las glándulas endocrinas::neoplasias hipofisarias</subfield>
   </datafield>
   <datafield tag="653" ind2=" " ind1=" ">
      <subfield code="a">Otros calificadores::Otros calificadores::Otros calificadores::/farmacoterapia</subfield>
   </datafield>
   <datafield tag="653" ind2=" " ind1=" ">
      <subfield code="a">TÉCNICAS Y EQUIPOS ANALÍTICOS, DIAGNÓSTICOS Y TERAPÉUTICOS::diagnóstico::pronóstico::resultado del tratamiento</subfield>
   </datafield>
   <datafield ind2="0" ind1="0" tag="245">
      <subfield code="a">Efficacy and safety of temozolomide in the treatment of aggressive pituitary neuroendocrine tumours in Spain</subfield>
   </datafield>
</record></metadata></record></GetRecord></OAI-PMH>